|
|
|
|
| LEADER |
00000nab a2200000 a 4500 |
| 001 |
vtls009464687 |
| 003 |
SK-MaSNL |
| 005 |
20260304153133.0 |
| 008 |
250506c2008 xo mr|p|||||||000 b|slo |
| 015 |
|
|
|a SNBRB2009/01
|2 snkbucl
|
| 035 |
|
|
|a (uuid)f8f242ab-da0a-4336-9e18-f3a5c7df1189
|
| 035 |
|
|
|a urn:nbn:sk:snk-ab13w0
|
| 035 |
|
|
|a (urnnbn)urn:nbn:sk:snk:ar-003sdp
|
| 038 |
|
|
|a SNKBUCL
|
| 040 |
|
|
|a SNKBUCL
|b slo
|c SNKBUCL
|e AACR2
|
| 041 |
0 |
|
|a slo
|
| 044 |
|
|
|a xo
|c SK
|
| 080 |
|
|
|a 342.565.2
|2 2001
|
| 100 |
1 |
|
|a Procházka, Radoslav,
|d 1972-
|4 aut
|9 214658
|
| 245 |
1 |
0 |
|a Prejudiciálna otázka v judikatúre ústavného súdu
|c Radoslav Procházka
|
| 504 |
|
|
|a Bibliogr. odkazy
|
| 650 |
0 |
7 |
|a súdne rozhodnutia a stanoviská
|2 snkbucl
|9 4638
|
| 650 |
0 |
7 |
|a prejudiciálne otázky
|2 snkbucl
|9 541159
|
| 650 |
0 |
7 |
|a ústavné súdnictvo
|2 snkbucl
|9 2633
|
| 773 |
0 |
|
|t Justičná revue
|g Roč. 60, č. 10 (2008), s.1399-1403
|x 1335-6461
|
| 850 |
|
|
|a Slovenská národná knižnica
|
| 852 |
|
|
|a Slovenská národná knižnica
|
| 954 |
|
|
|a odborná, vedecká literatúra pôvodná (slovenská)
|2 lita
|
| 958 |
|
|
|a article27
|
| 958 |
|
|
|a OND
|
| 958 |
|
|
|a SK
|
| 958 |
|
|
|a NB
|
| 958 |
|
|
|a EUIPO
|
| 999 |
|
|
|c 2952621
|d 2954551
|